000
00333nam a22001337a 4500
005
20160315095748.0
008
080215s2008 nyua 001 0 eng
020
_a
9780071549677
020
_a
0071549676
041
0
_a
eng
080
_a
004
245
1
0
_a
How to do everything :
_c
Jesse Feiler.
942
_2
udc
_c
BK
999
_c
595
_d
595